Kategorie Eliminierung - Filme - Statistiken

Allgemein
  • Dieses Quiz wurde 385 mal gespielt
  • Das Durchschnittsergebnis liegt bei 9 aus 16
Antwortstatistiken
Nenne einen Film … % Korrekt
Bei dem Quentin Tarantino Regie geführt hat
91%
Der Nach dem Jahr 2000 veröffentlicht wurde
85%
Bei dem Christopher Nolan Regie geführt hat
81%
In dem Samuel L. Jackson mitspielt/spricht
77%
Der zwischen 2005 und 2015 erschienen ist
73%
Der einen Oscar gewonnen hat
69%
In dem ein Kreisel eine zentrale Rolle spielt
62%
Bei dem Stanley Kubrick Regie geführt hat
50%
Der einen Platz auf der IMDb Top 250 belegt
47%
Der ein Kammerspiel ist
42%
Bei dem David Fincher Regie geführt hat
40%
Der in den 60er oder 70er Jahren erschienen ist
39%
Aus den 90er Jahren
38%
Der einen Platz in den Top 20 der IMDB Top 250 belegt
37%
Der in einem Raumschiff spielt
35%
In dem sich einer der Hauptdarsteller beim Dreh den Arm gebrochen hat
28%
Keine übereinstimmenden Quizze gefunden
Verteilung der Resultate
Anzahl Personen mit jedem Resultat
Perzentil nach korrekt beantworteten Fragen
Ihre Resultats-Entwicklung
Sie haben dieses Quiz noch nicht gespielt